000 00961nam a2200265Ia 4500
003 OSt
005 20221005111358.0
006 a|||||r|||| 00| 0
007 ta
008 221004b |||||||| |||| 00| 0 hin d
020 _a9788150000182 (hbk)
_c990
024 _a17752
037 _b521, 21/03/2015, Vani Prakashan
_cTextual
040 _aCRL
_cCRL
_bhin
041 _2hin
_ahin
082 _aNR44wN29, 152N9
100 _aभिमानी, हरीश
245 0 _aलता दीदी
_b अजीब दास्तॉं है ये
246 _aLatā dīdī: ajīb dāstaॉan hai ye
260 _aनई दिल्ली
_bवाणी प्रकाशन भारत
_c2009
300 _a374पृ0
_ccm.
650 _aल्थ्ल्त् क्ल्ज्ञ
942 _hNR44wN29, 152N9
_cTEXL
_2cc
999 _c1021659
_d1021659